000 00398nam a2200133Ia 4500
008 220217s9999||||xx |||||||||||||| ||und||
020 _a0-07-463371-6
082 _a620.1 SOM
100 _aSom, S.K., Biswas, Gautam and Chakraborty, Suman
245 0 _aIntroduction fluid mechanics and fluid mechines
260 _aTata mcgraw hill
_bNew Delhi
_c1998
300 _b245
650 _aMECHANICS
999 _c167902
_d167902